000 00305nam a22001337a 4500
020 _a81-7011-035-1
082 _a001
_bRAU/N
100 _aRAU,CHALAPATHI
245 _aNEHRU
_b FOR CHILDREN
260 _aNEW DELHI
_bCHILDREN'S BOOK TRUST
300 _a112
650 _aABOUT NEHRU
_zNEW DELHI
942 _cBK
999 _c6732
_d6732